Länder nach höchster Suizidrate - Statistiken

Allgemein
  • Dieses Quiz wurde 228 mal gespielt
  • Das Durchschnittsergebnis liegt bei 5 aus 20
Antwortstatistiken
*rate Hint Land % Korrekt
26.5 Europa Russland
69%
16.5 Südamerika Uruguay
47%
30.2 Südamerika Guyana
46%
18.5 Europa Ukraine
45%
23.2 Südamerika Suriname
42%
17.3 Afrika Nigeria
41%
20.2 Asien Südkorea
39%
21.4 Europa Weißrussland
38%
16.5 Asien Indien
37%
25.7 Europa Litauen
28%
17.2 Europa Lettland
27%
16.6 Afrika Togo
14%
20.0 Afrika Uganda
12%
23.0 Afrika Elfenbeinküste
10%
19.5 Afrika Kamerun
10%
28.9 Afrika Lesotho
8%
16.7 Afrika Swasiland
8%
22.0 Afrika Äquatorialguinea
6%
22.8 Asien Kasachstan
6%
19.1 Afrika Simbabwe
6%
Keine übereinstimmenden Quizze gefunden
Verteilung der Resultate
Anzahl Personen mit jedem Resultat
Perzentil nach korrekt beantworteten Fragen
Ihre Resultats-Entwicklung
Sie haben dieses Quiz noch nicht gespielt